00469 2200181 4500001002100000005001500021008004100036035001900077041000700096082000800103090001400111100001900125245006300144260003200207300002200239500001000261650001600271INLIS00000000000394520241224112822241224||||||||| | ||| |||| || |  0010-1224003945 aid0 a803 a803 ISK k0 aIskandarWassid00aKamus Istilah Sastra : Pangdeudeul Pangajaran Sastra Sunda aBandungbGEGER SUNTENc2003 a174 hlm. : 20 cm. aCet.5 0aIlmu Bahasa